| 000 | 00676nam 22002293 4500 | ||
|---|---|---|---|
| 001 | 199397 | ||
| 010 | _a978-972-23-6883-4 | ||
| 021 | _b495 226/22 | ||
| 090 | _a199397 | ||
| 100 | _a20230106d u||y0pory50 ba | ||
| 200 |
_aA bastarda de Istambul _fElif Shafak _gtradução de Maria João Freire de Andrade |
||
| 205 | _a2ª | ||
| 210 |
_aLisboa _cEditorial Presença _d2022 |
||
| 215 |
_a374 p. _cbrochado _d23 cm |
||
| 225 |
_aGrandes narrativas _v782 |
||
| 606 |
_97 _aLiteratura Francesa |
||
| 675 |
_a821.133.1-3 _vPT _zpor |
||
| 700 |
_9960 _aShafak _bElif _f1971 |
||
| 702 |
_98201 _aAndrade _bMaria João Freire de |
||
| 801 |
_aPT _bBMMN _gRPC |
||
| 830 |
_cAna _fAna |
||
| 990 | _cLIVROS | ||